[Event "SVK-ch U18/20"]
[Site "Tatralandia"]
[Date "2024.04.10"]
[Round "7"]
[White "Volanek, Maros"]
[Black "Zatko, Slavomir"]
[Result "0-1"]
[WhiteElo "1822"]
[BlackElo "1684"]
[PlyCount "84"]
[EventDate "2024.04.05"]
[EventType "swiss"]
[EventRounds "9"]
[EventCountry "SVK"]
[SourceTitle "CB16_2024"]
[SourceDate "2024.04.17"]
[SourceVersion "1"]
[SourceVersionDate "2024.04.17"]
[SourceQuality "1"]

1. d4 d5 2. Nf3 Nf6 3. c4 e6 4. Nc3 c6 5. Bg5 h6 6. Bh4 g5 7. Bg3 dxc4 8. e3 b5 9. a4 Bb4 10. axb5 cxb5 11. Bxb8 Rxb8 12. Rxa7 Ba5 13. Qa1 Bb4 14. Ne5 Bb7 15. f3 Nd5 16. Ke2 f6 17. Ng4 h5 18. Nf2 e5 19. dxe5 Bc5 20. Nfe4 Nxc3+ 21. Nxc3 Qd3+ 22. Ke1 Qxe3+ 23. Be2 Qf2+ 24. Kd1 Rd8+ 25. Kc2 Bxa7 26. exf6 b4 27. Qa4+ Rd7 28. Qxb4 Qc5 29. Qxc5 Bxc5 30. Bxc4 Rd4 31. Re1+ Kd8 32. Bb3 Re8 33. f7 Rf8 34. Re5 Be7 35. Rb5 Rb4 36. Rf5 Rf4 37. Rb5 Kc7 38. Re5 Kd6 39. Ra5 Rc8 40. Ra7 Rc7 41. Kb1 Rb4 42. f8N Ke5 0-1

[Event "Piestany op-B"]
[Site "Piestany"]
[Date "2023.07.16"]
[Round "6"]
[White "Volanek, Maros"]
[Black "Kollarik, Gorazd"]
[Result "1/2-1/2"]
[WhiteElo "1632"]
[BlackElo "1700"]
[PlyCount "76"]
[EventDate "2023.07.11"]
[EventType "swiss"]
[EventRounds "9"]
[EventCountry "SVK"]
[SourceTitle "EXT 2024"]
[Source "ChessBase"]
[SourceDate "2023.10.10"]
[SourceVersion "1"]
[SourceVersionDate "2023.10.10"]
[SourceQuality "1"]

1. d4 d5 2. c4 e6 3. Nc3 Nf6 4. Bf4 Bd6 5. Bg3 0-0 6. Nf3 b6 7. cxd5 exd5 8. e3 Ba6 9. Bd3 Bxd3 10. Qxd3 c6 11. Rc1 Re8 12. Bxd6 Qxd6 13. 0-0 Nbd7 14. a3 Ne4 15. Qc2 Nxc3 16. Qxc3 Rac8 17. Rc2 Rc7 18. Qd3 h6 19. Re1 Qe6 20. Nd2 Nf6 21. f3 Rce7 22. e4 dxe4 23. Nxe4 Nxe4 24. Rxe4 Qd5 25. Rce2 Qd6 26. Rxe7 Rxe7 27. Rxe7 Qxe7 28. Qe4 Qxe4 29. fxe4 f6 30. Kf2 Kf7 31. Ke3 Ke6 32. b4 a6 33. g4 g6 34. h3 g5 35. Kd3 b5 36. Ke3 Kd6 37. Kd3 Ke6 38. Ke3 Kd6 1/2-1/2

[Event "SVK-ch U16"]
[Site "Dudince"]
[Date "2023.04.23"]
[Round "9"]
[White "Volanek, Maros"]
[Black "Papp, Gabor3333"]
[Result "1-0"]
[WhiteElo "1558"]
[BlackElo "1619"]
[PlyCount "93"]
[EventDate "2023.04.16"]
[EventType "swiss"]
[EventRounds "9"]
[EventCountry "SVK"]
[SourceTitle "CBM 213 Extra"]
[Source "ChessBase"]
[SourceDate "2023.05.31"]
[SourceVersion "1"]
[SourceVersionDate "2023.05.31"]
[SourceQuality "1"]

1. e4 c5 2. c4 g6 3. Nc3 Bg7 4. Nge2 Nc6 5. d3 d6 6. g3 e5 7. Bg2 Nge7 8. 0-0 0-0 9. Be3 Be6 10. Qd2 Qd7 11. Bh6 f5 12. Bxg7 Kxg7 13. Nd5 Bxd5 14. exd5 Nd4 15. f4 Nxe2+ 16. Qxe2 exf4 17. Rxf4 Rae8 18. Qd2 h6 19. d4 g5 20. Rff1 Ng6 21. dxc5 dxc5 22. Rae1 f4 23. Qc3+ Kg8 24. Be4 Ne5 25. Bh7+ Kxh7 26. Rxe5 Rxe5 27. Qxe5 Qf5 28. Qxf5+ Rxf5 29. gxf4 gxf4 30. Re1 Rf7 31. Re6 Kg7 32. Kf2 Rd7 33. Kf3 b5 34. b3 bxc4 35. bxc4 Rb7 36. Rc6 Rb2 37. Rxc5 Rxa2 38. Kxf4 a5 39. Ke5 a4 40. Ra5 Rxh2 41. Rxa4 h5 42. c5 h4 43. Kd6 h3 44. Rh4 Kg6 45. c6 Kg5 46. Rh8 Kg4 47. c7 1-0

[Event "SVK-chT3B2 2223"]
[Site "Slovakia"]
[Date "2022.10.23"]
[Round "1.4"]
[White "Volanek, Maros"]
[Black "Kostelansky, Karol"]
[Result "1-0"]
[WhiteElo "1599"]
[BlackElo "1828"]
[PlyCount "55"]
[EventDate "2022.10.23"]
[EventType "team-tourn"]
[EventRounds "11"]
[EventCountry "SVK"]
[SourceTitle "EXT 2024"]
[Source "ChessBase"]
[SourceDate "2023.10.10"]
[SourceVersion "1"]
[SourceVersionDate "2023.10.10"]
[SourceQuality "1"]
[WhiteTeam "Povazske Podhradie III"]
[BlackTeam "Povazske Podhradie II"]
[WhiteTeamCountry "SVK"]
[BlackTeamCountry "SVK"]

1. d4 f5 2. Bg5 b6 3. c4 Bb7 4. e3 Nf6 5. Bxf6 exf6 6. Nf3 Bb4+ 7. Nc3 Qe7 8. Qe2 0-0 9. g3 Bxc3+ 10. bxc3 Qa3 11. Rd1 Qxc3+ 12. Rd2 Bxf3 13. Qxf3 Nc6 14. Bd3 Rae8 15. Qd5+ Rf7 16. Bxf5 Ree7 17. Ke2 a5 18. Rhd1 Nb4 19. Qb5 g6 20. Bd3 Rf8 21. Qa4 Qxd4 22. Qb3 Qg4+ 23. Ke1 Rfe8 24. Be2 Qe4 25. a3 Na6 26. c5+ Kf8 27. Bxa6 Qf3 28. Rd3 1-0

[Event "SVK-ch U16"]
[Site "Stara Lubovna"]
[Date "2022.05.24"]
[Round "5"]
[White "Volanek, Maros"]
[Black "Sustek, Adam"]
[Result "1/2-1/2"]
[WhiteElo "1458"]
[BlackElo "1636"]
[PlyCount "44"]
[EventDate "2022.05.21"]
[EventType "swiss"]
[EventRounds "9"]
[EventCountry "SVK"]
[SourceTitle "CBM 208 Extra"]
[Source "ChessBase"]
[SourceDate "2022.07.31"]
[SourceVersion "1"]
[SourceVersionDate "2022.07.31"]
[SourceQuality "1"]

1. e4 e6 2. d4 d5 3. Bd3 Nf6 4. e5 Nfd7 5. f4 c5 6. c3 b6 7. Nf3 Ba6 8. Bxa6 Nxa6 9. 0-0 Be7 10. Be3 0-0 11. a3 Nab8 12. Nbd2 Nc6 13. Rc1 c4 14. Rf2 b5 15. g4 f6 16. f5 fxe5 17. fxe6 e4 18. exd7 exf3 19. Nxf3 Qxd7 20. h3 Rac8 21. Qd2 Rce8 22. Ne5 h5 1/2-1/2

[Event "SVK-chT3B2 2122"]
[Site "Slovakia"]
[Date "2022.04.24"]
[Round "9.8"]
[White "Volanek, Maros"]
[Black "Rajnicek, Adam"]
[Result "1/2-1/2"]
[WhiteElo "1458"]
[BlackElo "1480"]
[PlyCount "40"]
[EventDate "2021.10.24"]
[EventType "team-tourn"]
[EventRounds "11"]
[EventCountry "SVK"]
[SourceTitle "EXT 2024"]
[Source "ChessBase"]
[SourceDate "2023.10.10"]
[SourceVersion "1"]
[SourceVersionDate "2023.10.10"]
[SourceQuality "1"]
[WhiteTeam "Povazske Podhradie II"]
[BlackTeam "Dubnica nad Vahom III"]
[WhiteTeamCountry "SVK"]
[BlackTeamCountry "SVK"]

1. d4 d5 2. c4 e6 3. Nc3 Nf6 4. Nf3 Be7 5. Bf4 a6 6. e3 dxc4 7. Bxc4 b5 8. Bd3 Bb7 9. 0-0 0-0 10. Rc1 Bd6 11. Bg5 h6 12. Bh4 Nbd7 13. Bb1 c5 14. Ne4 Bxe4 15. Bxe4 Ra7 16. Bb1 c4 17. Qc2 g6 18. Qe2 Be7 19. Bg3 Nh5 20. Be5 Bf6 1/2-1/2

[Event "SVK League Cup 1st"]
[Site "Tornelo INT"]
[Date "2021.04.10"]
[Round "5"]
[White "Sivcak, Matej"]
[Black "Volanek, Maros"]
[Result "1-0"]
[WhiteElo "1865"]
[BlackElo "1411"]
[PlyCount "103"]
[EventDate "2021.03.27"]
[EventType "swiss"]
[EventRounds "8"]
[EventCountry "SVK"]
[SourceTitle "EXT 2022"]
[Source "ChessBase"]
[SourceDate "2021.10.06"]
[SourceVersion "1"]
[SourceVersionDate "2021.10.06"]
[SourceQuality "1"]

1. d4 d5 2. e3 Bf5 3. Bd3 Bg6 4. Nf3 e6 5. Nbd2 c5 6. Bxg6 hxg6 7. c3 Nc6 8. Qe2 Nf6 9. h3 cxd4 10. exd4 Bd6 11. 0-0 Rb8 12. Ng5 Qd7 13. Ndf3 b5 14. a3 a5 15. Re1 b4 16. axb4 axb4 17. Ra6 bxc3 18. bxc3 0-0 19. Qa2 Rfc8 20. Ne5 Bxe5 21. dxe5 Nh7 22. Nf3 Nf8 23. Be3 Qc7 24. Bd4 Nd7 25. Qa4 Rb7 26. Ng5 Ndb8 27. Ra8 Nxd4 28. cxd4 Nc6 29. Rc1 Rb6 30. Kf1 Kf8 31. Qa3+ Ke8 32. Rxc8+ Qxc8 33. Qd6 Qa6+ 34. Kg1 Nxd4 35. Qc7 Ne2+ 36. Kh2 Nxc1 37. Nxf7 Qa8 38. Qxb6 Kxf7 39. Qc7+ Kf8 40. Qxc1 Qb8 41. Qc5+ Kf7 42. f4 g5 43. Qc6 gxf4 44. Qd7+ Kf8 45. Qxe6 Qd8 46. Qf5+ Kg8 47. e6 Qd6 48. Qf7+ Kh7 49. e7 f3+ 50. Kh1 Qg3 51. Qh5+ Kg8 52. e8Q# 1-0

[Event "SVK League Cup 1st"]
[Site "Tornelo INT"]
[Date "2021.04.04"]
[Round "4"]
[White "Volanek, Maros"]
[Black "Durovka, Marek"]
[Result "1-0"]
[WhiteElo "1411"]
[BlackElo "1581"]
[PlyCount "53"]
[EventDate "2021.03.27"]
[EventType "swiss"]
[EventRounds "8"]
[EventCountry "SVK"]
[SourceTitle "EXT 2022"]
[Source "ChessBase"]
[SourceDate "2021.10.06"]
[SourceVersion "1"]
[SourceVersionDate "2021.10.06"]
[SourceQuality "1"]

1. d4 Nf6 2. c4 c5 3. e3 e6 4. Nc3 Nc6 5. Nf3 cxd4 6. exd4 Bb4 7. Qc2 0-0 8. Bg5 h6 9. Bh4 b6 10. a3 Be7 11. Bd3 Bb7 12. 0-0 d5 13. Rfd1 Rc8 14. Rac1 dxc4 15. Bxc4 Na5 16. Be2 Be4 17. Qa4 Bc6 18. Qc2 Bd5 19. Nd2 Qd7 20. b4 Nc4 21. Nxc4 Bxc4 22. Bxc4 Rxc4 23. Qd3 Rfc8 24. h3 Nd5 25. Nxd5 Rxc1 26. Nxe7+ Kh8 27. Nxc8 1-0

[Event "SVK-ch U14"]
[Site "Lubovna"]
[Date "2020.08.19"]
[Round "6"]
[White "Orgon, Patrik"]
[Black "Volanek, Maros"]
[Result "1/2-1/2"]
[WhiteElo "1766"]
[BlackElo "1316"]
[PlyCount "106"]
[EventDate "2020.08.15"]
[EventType "swiss"]
[EventRounds "9"]
[EventCountry "SVK"]
[SourceTitle "EXT 2021"]
[Source "ChessBase"]
[SourceDate "2020.10.23"]
[SourceVersion "1"]
[SourceVersionDate "2020.10.23"]
[SourceQuality "1"]

1. e4 e6 2. Qe2 b6 3. g3 Bb7 4. Bg2 c5 5. Nf3 d5 6. exd5 Bxd5 7. 0-0 Nf6 8. Nc3 Bc6 9. d3 Bd6 10. Ne4 Nxe4 11. dxe4 e5 12. Rd1 Qc7 13. Qd3 Be7 14. b3 Nd7 15. Bb2 Rd8 16. Qe2 Bf6 17. Rd2 0-0 18. Rad1 Qb7 19. Re1 Rfe8 20. h3 g6 21. Nh2 Qc7 22. Nf1 Bg7 23. Ne3 Nf6 24. Nd5 Qb7 25. c4 Nd7 26. Kh2 Nf8 27. Qf1 Ne6 28. Qd3 Nd4 29. Rdd1 Kf8 30. Bc1 h6 31. Bd2 Qa6 32. a4 Qb7 33. Bc1 Kg8 34. Bd2 Kf8 35. Bc1 Kg8 36. Re3 Kf8 37. h4 h5 38. Ree1 Kg8 39. Be3 a5 40. Rf1 f6 41. f3 Bd7 42. Bh3 Bxh3 43. Kxh3 Qd7+ 44. Kg2 Qd6 45. Rf2 Rf8 46. Rdf1 Rd7 47. Bd2 Rdf7 48. f4 f5 49. fxe5 Bxe5 50. exf5 Rxf5 51. Rxf5 Rxf5 52. Rxf5 Nxf5 53. Be1 Kf7 1/2-1/2

[Event "SVK-chT3B2 1920"]
[Site "Slovakia"]
[Date "2019.10.06"]
[Round "1.8"]
[White "Volanek, Maros"]
[Black "Hrubisko, Lukas"]
[Result "1-0"]
[WhiteElo "1225"]
[BlackElo "1265"]
[PlyCount "167"]
[EventDate "2019.10.06"]
[EventType "team-tourn"]
[EventRounds "11"]
[EventCountry "SVK"]
[SourceTitle "CBM 193 Extra"]
[Source "ChessBase"]
[SourceDate "2020.01.31"]
[SourceVersion "1"]
[SourceVersionDate "2020.01.31"]
[SourceQuality "1"]
[WhiteTeam "Povazske Podhradie"]
[BlackTeam "Dubnica nad Vahom III"]
[WhiteTeamCountry "SVK"]
[BlackTeamCountry "SVK"]

1. d4 d5 2. c4 e6 3. Nc3 Nf6 4. Nf3 Be7 5. Bf4 0-0 6. e3 Nc6 7. Be2 Bb4 8. 0-0 Bxc3 9. bxc3 h6 10. a4 a5 11. cxd5 exd5 12. c4 Bf5 13. Bd3 Bxd3 14. Qxd3 Nb4 15. Qe2 Re8 16. c5 c6 17. Ne5 Nh7 18. Nd3 Nxd3 19. Qxd3 Nf6 20. Rfb1 Qc8 21. Rb6 Nd7 22. Rb2 Nb8 23. Qb1 Ra7 24. Ra3 Na6 25. Rd2 Nb4 26. h3 Qe6 27. Rc3 Qe4 28. Qxe4 Rxe4 29. Rb2 f5 30. Ra3 Ra8 31. Bg3 Rf8 32. f3 Re6 33. Be1 Rfe8 34. Kf2 f4 35. Bxb4 axb4 36. Rxb4 fxe3+ 37. Ke2 R6e7 38. Rab3 Ra8 39. Rxe3 Kf7 40. Rxe7+ Kxe7 41. Kd3 Kf6 42. Rb3 Rxa4 43. Rxb7 Ra6 44. Rb6 Ra3+ 45. Ke2 Kf5 46. Rxc6 Ra2+ 47. Kf1 Kf4 48. Re6 Kg3 49. c6 Rc2 50. Rg6+ Kf4 51. Rxg7 Rxc6 52. Rg4+ Ke3 53. Kg1 Rc4 54. Rg6 Rc1+ 55. Kh2 Kxd4 56. Kg3 Kd3 57. Rd6 d4 58. f4 Re1 59. Kf2 Re2+ 60. Kf1 Re4 61. g3 Ke3 62. f5 d3 63. f6 Re5 64. g4 Re8 65. Ke1 Rc8 66. Re6+ Kd4 67. f7 Rf8 68. Re7 Kd5 69. Kd2 Kd6 70. Ra7 Ke6 71. Kxd3 Rxf7 72. Ra6+ Kd5 73. Rxh6 Rf3+ 74. Ke2 Ra3 75. g5 Ke5 76. h4 Kf5 77. g6 Ra7 78. h5 Ke4 79. Rh7 Ra2+ 80. Kd1 Ra8 81. g7 Kd3 82. Kc1 Kc3 83. Kb1 Kb3 84. Rh8 1-0

[Event "SVK-ch U12"]
[Site "Liptovsky Mikulas"]
[Date "2019.04.26"]
[Round "5"]
[White "Volanek, Maros"]
[Black "Elias, David"]
[Result "0-1"]
[WhiteElo "1266"]
[BlackElo "1676"]
[PlyCount "84"]
[EventDate "2019.04.23"]
[EventType "swiss"]
[EventRounds "9"]
[EventCountry "SVK"]
[SourceTitle "CBM 190 Extra"]
[Source "ChessBase"]
[SourceDate "2019.07.15"]
[SourceVersion "1"]
[SourceVersionDate "2019.07.15"]
[SourceQuality "1"]

1. e4 c5 2. Nf3 d6 3. d4 cxd4 4. Qxd4 Bd7 5. c4 Nc6 6. Qe3 Nf6 7. Nc3 g6 8. Be2 Bg7 9. 0-0 0-0 10. Rb1 a5 11. b3 Ng4 12. Qd2 f5 13. exf5 Bxf5 14. Bd3 Bxd3 15. Qxd3 Nf6 16. Bb2 Qd7 17. Rfe1 Nb4 18. Qd2 Kh8 19. a3 Nc6 20. a4 Rad8 21. Ba3 Rfe8 22. h3 e6 23. Nb5 Bf8 24. Bb2 e5 25. Rbd1 h6 26. Nh4 Qf7 27. Qc2 Kh7 28. Ba3 d5 29. Bxf8 Rxf8 30. cxd5 Nxd5 31. Nf3 Ndb4 32. Qc3 Rxd1 33. Rxd1 e4 34. Nd6 Qf4 35. Nxe4 Qxe4 36. Qc5 Rf7 37. h4 Qc2 38. Qd6 Qf5 39. Re1 Nd3 40. Re6 Nc5 41. Re1 Nxb3 42. Rd1 Nc5 0-1